000
00252nam a22001217a 4500
020
_a
0-7497-0816-0
082
_a
823
_b
BLY/P
100
_a
ENID BLYTON
245
_a
THE PUT - EM - RIGHTS
300
_a
178
650
_a
CHILDREN'S STORY BOOKS
942
_c
BK
999
_c
140
_d
140